000 00774nam a2200253 a 4500
001 57424
003 BD-RjUL
005 20211209080518.0
008 101216s1955 ii fh b 001 0 eng d
035 _a(BD-RjUL) 57548
040 _aDLC
_cDLC
_dEQO
_dBD-RjUL
_beng
041 _aeng
082 _a297.8220955
_223
_bIVS 1955
100 1 _aIvanow, Wladimir.
_9170522
245 1 0 _aStudies in early Persian Ismailism /
_cW. Ivanow
250 _a2nd rev. ed
260 _aBombay :
_bIsmaili Society,
_c1955
300 _a157 p. :
_bill ;
_c22 cm
490 1 _aIsmaili Society series ;
_vA, no. 8
504 _aIncludes bibliographical references and index
650 0 _aIsmailites
_zIran
_9170523
830 0 _aIsmaili Society series ;
_vA, no. 8
_9170525
942 _2ddc
_cBK
999 _c57424
_d57424